[Event "Vecindario Montalvo Memorial 16th"]
[Site "Vecindario"]
[Date "2024.03.29"]
[Round "7"]
[White "Akhvlediani, Irakli"]
[Black "Hernandez Leon, Alberto"]
[Result "1-0"]
[WhiteElo "2356"]
[BlackElo "2207"]
[PlyCount "103"]
[EventDate "2024.03.23"]
[EventType "swiss"]
[EventRounds "9"]
[EventCountry "ESP"]
[SourceTitle "CB15_2024"]
[SourceDate "2024.04.10"]
[SourceVersion "1"]
[SourceVersionDate "2024.04.10"]
[SourceQuality "1"]

1. c4 e6 2. Nc3 d5 3. d4 Nf6 4. cxd5 exd5 5. Bg5 Be7 6. e3 c6 7. Bd3 Nbd7 8. Qc2 Nh5 9. Bxe7 Qxe7 10. Nge2 g6 11. 0-0 0-0 12. Rae1 Ndf6 13. Nc1 Ng7 14. f3 c5 15. dxc5 Qxc5 16. Nb3 Qe7 17. Qd2 Be6 18. Nd4 Rfd8 19. Rc1 Rac8 20. Nce2 Re8 21. Rxc8 Bxc8 22. Rc1 Bd7 23. Rc7 Qxe3+ 24. Qxe3 Rxe3 25. Bc2 Bc6 26. Kf2 Rxe2+ 27. Nxe2 Ne6 28. Rc8+ Kg7 29. Ke3 d4+ 30. Kd2 Nd5 31. Bb3 Kf6 32. Bxd5 Bxd5 33. Kd3 Ke5 34. f4+ Nxf4+ 35. Nxf4 Kxf4 36. g3+ Ke5 37. Re8+ Be6 38. Re7 a6 39. b3 b5 40. Ra7 g5 41. Rxa6 Bh3 42. Ra5 Bf1+ 43. Kd2 Ke4 44. Ra7 f5 45. Rxh7 f4 46. gxf4 gxf4 47. h4 f3 48. Rf7 Bh3 49. h5 Bf5 50. h6 d3 51. h7 f2 52. Rxf5 1-0

[Event "Vecindario Montalvo Memorial 16th"]
[Site "Vecindario"]
[Date "2024.03.28"]
[Round "6"]
[White "Perez Guerra, Raul"]
[Black "Akhvlediani, Irakli"]
[Result "0-1"]
[WhiteElo "2250"]
[BlackElo "2356"]
[PlyCount "130"]
[EventDate "2024.03.23"]
[EventType "swiss"]
[EventRounds "9"]
[EventCountry "ESP"]
[SourceTitle "CB15_2024"]
[SourceDate "2024.04.10"]
[SourceVersion "1"]
[SourceVersionDate "2024.04.10"]
[SourceQuality "1"]

1. e4 c5 2. Nf3 Nc6 3. d4 cxd4 4. Nxd4 Nf6 5. Nc3 e5 6. Ndb5 d6 7. Bg5 a6 8. Na3 b5 9. Nd5 Be7 10. Bxf6 Bxf6 11. c4 b4 12. Nc2 a5 13. Qf3 Be6 14. Rd1 0-0 15. Nxf6+ Qxf6 16. Qxf6 gxf6 17. Rxd6 Rfc8 18. Be2 b3 19. axb3 Rab8 20. Kd2 Rxb3 21. Kc1 a4 22. Rhd1 Kg7 23. R1d2 Na5 24. Ne3 Nb7 25. Rxe6 fxe6 26. Rd7+ Kh8 27. Ng4 Nc5 28. Ra7 Rb7 29. Rxb7 Nxb7 30. Nxf6 Nd6 31. f3 Nxc4 32. Bxc4 Rxc4+ 33. Kd2 Kg7 34. Ng4 Rc5 35. Kd3 h5 36. Ne3 Rb5 37. Kc2 Kf6 38. h4 Rb8 39. Nc4 Rb3 40. Na5 Re3 41. Kd1 Rd3+ 42. Kc2 Rd8 43. Nc4 Rc8 44. Kc3 Rb8 45. Kc2 Rb5 46. Kc3 Ke7 47. Kc2 Kd7 48. g4 Ke7 49. gxh5 Kf8 50. h6 Kg8 51. Ne3 Rb3 52. Ng4 Rxf3 53. Nxe5 Rg3 54. Nd7 a3 55. bxa3 Rxa3 56. Nf6+ Kf7 57. h7 Kg7 58. Kd2 Rf3 59. Nd7 Kxh7 60. Ke2 Rf7 61. Nc5 e5 62. Nd3 Re7 63. Kf3 Kg6 64. Nf2 Kh5 65. Kg3 Ra7 0-1

[Event "Vecindario Montalvo Memorial 16th"]
[Site "Vecindario"]
[Date "2024.03.26"]
[Round "4"]
[White "Omelja, Artem"]
[Black "Akhvlediani, Irakli"]
[Result "1/2-1/2"]
[WhiteElo "2438"]
[BlackElo "2356"]
[PlyCount "54"]
[EventDate "2024.03.23"]
[EventType "swiss"]
[EventRounds "9"]
[EventCountry "ESP"]
[SourceTitle "CB15_2024"]
[SourceDate "2024.04.10"]
[SourceVersion "1"]
[SourceVersionDate "2024.04.10"]
[SourceQuality "1"]

1. d4 Nf6 2. c4 e6 3. Nf3 c5 4. d5 d6 5. Nc3 exd5 6. cxd5 g6 7. Nd2 Bg7 8. e4 0-0 9. Be2 Na6 10. 0-0 Nc7 11. a4 a6 12. h3 Re8 13. Qc2 Rb8 14. Nc4 b5 15. axb5 Nxb5 16. Nxb5 axb5 17. Na5 Bd7 18. Bf3 Qe7 19. Bg5 Qe5 20. Bxf6 Qxf6 21. Nc6 Rbc8 22. e5 dxe5 23. Qxc5 e4 24. Bg4 Bxg4 25. hxg4 Bf8 26. Qe3 Bd6 27. g3 Qxb2 1/2-1/2

[Event "Krakow op-A 34th"]
[Site "Krakow"]
[Date "2023.12.29"]
[Round "3"]
[White "Akhvlediani, Irakli"]
[Black "Akbas, Umut Ata"]
[Result "1/2-1/2"]
[WhiteElo "2359"]
[BlackElo "2446"]
[PlyCount "74"]
[EventDate "2023.12.27"]
[EventType "swiss"]
[EventRounds "9"]
[EventCountry "POL"]
[SourceTitle "CB02_2024"]
[SourceDate "2024.01.10"]
[SourceVersion "1"]
[SourceVersionDate "2024.01.10"]
[SourceQuality "1"]

1. c4 e6 2. Nc3 d5 3. d4 Bb4 4. cxd5 exd5 5. Bf4 Nf6 6. e3 0-0 7. Bd3 Re8 8. Nge2 Nh5 9. Qa4 Nxf4 10. Nxf4 Bd6 11. Nfe2 c6 12. Qc2 h6 13. 0-0 Qh4 14. Ng3 Nd7 15. Rfe1 Nf6 16. Nf1 Bd7 17. f3 Re7 18. Qf2 Qxf2+ 19. Kxf2 Rae8 20. Rac1 g6 21. a3 Kg7 22. Re2 h5 23. h4 Kh6 24. Nd2 Rg8 25. e4 dxe4 26. Ndxe4 Nxe4+ 27. Nxe4 Bf4 28. Rce1 Rge8 29. Nc5 Rxe2+ 30. Rxe2 Rxe2+ 31. Bxe2 Bc8 32. Bc4 Kg7 33. Nd3 Bd6 34. f4 Bf5 35. Ke3 Kf6 36. Ne5 Be6 37. Bxe6 Kxe6 1/2-1/2

[Event "Mersin op 7th"]
[Site "Mersin"]
[Date "2023.11.15"]
[Round "6"]
[White "Baradaran Tamadon, Arian"]
[Black "Akhvlediani, Irakli"]
[Result "1/2-1/2"]
[WhiteElo "2202"]
[BlackElo "2366"]
[PlyCount "63"]
[EventDate "2023.11.12"]
[EventType "swiss"]
[EventRounds "9"]
[EventCountry "TUR"]
[SourceTitle "CB47_2023"]
[SourceDate "2023.11.22"]
[SourceVersion "1"]
[SourceVersionDate "2023.11.22"]
[SourceQuality "1"]

1. e4 c5 2. Nf3 d6 3. d4 cxd4 4. Nxd4 Nf6 5. Nc3 a6 6. g3 e6 7. Bg2 Qc7 8. 0-0 Be7 9. Be3 Nc6 10. Nxc6 bxc6 11. Na4 e5 12. b3 Be6 13. Qe2 0-0 14. Rfe1 Nd7 15. Rad1 Nc5 16. Bxc5 dxc5 17. Bf3 c4 18. Bg4 Bxg4 19. Qxg4 cxb3 20. axb3 Rfd8 21. Qe2 Qa5 22. Kg2 Qb5 23. Qe3 g6 24. Nb2 Bb4 25. Rf1 Qc5 26. Qe2 Qb5 27. Qf3 Kg7 28. h4 h5 29. Na4 Bd2 30. Nb2 Bb4 31. Qe3 Bc5 32. Qf3 1/2-1/2

[Event "Arco op 45th"]
[Site "Arco"]
[Date "2023.10.08"]
[Round "2"]
[White "Akhvlediani, Irakli"]
[Black "Andersen, Lars Christoff"]
[Result "1-0"]
[WhiteElo "2358"]
[BlackElo "1977"]
[PlyCount "83"]
[EventDate "2023.10.07"]
[EventType "swiss"]
[EventRounds "9"]
[EventCountry "ITA"]
[SourceTitle "Mega2024 Update 01"]
[Source "Chessbase"]
[SourceDate "2023.11.12"]
[SourceVersion "1"]
[SourceVersionDate "2023.11.12"]
[SourceQuality "1"]

1. d4 e6 2. c4 Nf6 3. Nf3 d5 4. g3 Be7 5. Bg2 0-0 6. 0-0 Nc6 7. Nbd2 Ne4 8. e3 f5 9. a3 a5 10. b3 Rb8 11. Qc2 Bd7 12. Bb2 Qe8 13. Ne1 Nxd2 14. Qxd2 dxc4 15. bxc4 Bf6 16. Nd3 b6 17. f4 a4 18. Bc3 Kh8 19. Ne5 Nxe5 20. fxe5 Bg5 21. d5 b5 22. Bb4 Rf7 23. h4 Bh6 24. d6 cxd6 25. Bxd6 Rc8 26. cxb5 Bxb5 27. Rfc1 Rd8 28. Rab1 g5 29. Rc5 Ba6 30. Rb6 Bc8 31. hxg5 Bxg5 32. Qe2 Rg7 33. Rc7 Qg6 34. Rxg7 Qxg7 35. Rb8 Qa7 36. Ra8 Bxe3+ 37. Kh2 Qd4 38. Bb7 Bg1+ 39. Kh3 Qc3 40. Be7 Rd2 41. Bf6+ Kg8 42. Bxc8 1-0

[Event "Guardamar Esphouses op 1st"]
[Site "Guardamar del Segura"]
[Date "2023.09.06"]
[Round "4"]
[White "Luque Saiz, Andres"]
[Black "Akhvlediani, Irakli"]
[Result "1/2-1/2"]
[WhiteElo "2371"]
[BlackElo "2375"]
[PlyCount "112"]
[EventDate "2023.09.04"]
[EventType "swiss"]
[EventRounds "9"]
[EventCountry "ESP"]
[SourceTitle "EXT 2024"]
[Source "ChessBase"]
[SourceDate "2023.10.10"]
[SourceVersion "1"]
[SourceVersionDate "2023.10.10"]
[SourceQuality "1"]

1. e4 e5 2. Nf3 Nc6 3. Bc4 Nf6 4. d3 h6 5. 0-0 d6 6. Re1 g5 7. a4 Bg7 8. Nc3 Bg4 9. h3 Bh5 10. g4 Nxg4 11. hxg4 Bxg4 12. Be3 Qd7 13. Kg2 Ne7 14. Ne2 f5 15. Nh2 f4 16. Bd2 Ng6 17. f3 Nh4+ 18. Kf2 Nxf3 19. Nxg4 Qxg4 20. Rh1 Nh4 21. Qg1 Qf3+ 22. Ke1 Ng2+ 23. Kd1 Qg4 24. Qf2 Nh4 25. c3 Qg2 26. Qxg2 Nxg2 27. Rh2 Nh4 28. Ng1 Bf6 29. Rxh4 gxh4 30. Ke2 Rh7 31. Nf3 Rg7 32. Be1 Rg2+ 33. Bf2 Ke7 34. Rh1 h5 35. Nxh4 Bxh4 36. Rxh4 Rh8 37. Bb3 Rg4 38. Rh3 h4 39. Kf1 Kd7 40. Bd1 Rg6 41. Bf3 Rgh6 42. Bg4+ Ke7 43. Ke2 a6 44. a5 b6 45. axb6 cxb6 46. d4 b5 47. b4 Kf6 48. d5 Kg5 49. Be6 R6h7 50. Bb6 Rb7 51. Ba5 Kh5 52. Kf2 Rf8 53. Rf3 Rg7 54. Bb6 Rb8 55. Ba5 Rf8 56. Bb6 Rb8 1/2-1/2

[Event "Guardamar Esphouses op 1st"]
[Site "Guardamar del Segura"]
[Date "2023.09.05"]
[Round "3"]
[White "Akhvlediani, Irakli"]
[Black "Yuste Valenzuela, Alejandro"]
[Result "1-0"]
[WhiteElo "2375"]
[BlackElo "2090"]
[PlyCount "79"]
[EventDate "2023.09.04"]
[EventType "swiss"]
[EventRounds "9"]
[EventCountry "ESP"]
[SourceTitle "EXT 2024"]
[Source "ChessBase"]
[SourceDate "2023.10.10"]
[SourceVersion "1"]
[SourceVersionDate "2023.10.10"]
[SourceQuality "1"]

1. d4 Nf6 2. c4 g6 3. Nc3 Bg7 4. e4 d6 5. h3 0-0 6. Be3 c5 7. d5 e6 8. Nf3 exd5 9. cxd5 Re8 10. Nd2 a6 11. a4 Nxe4 12. Ncxe4 f5 13. Be2 fxe4 14. Nc4 b6 15. 0-0 Qc7 16. Bf4 Bf8 17. Qb3 Nd7 18. Rfd1 e3 19. fxe3 Rb8 20. Bg4 b5 21. axb5 axb5 22. Na5 Nf6 23. Bxc8 Rexc8 24. Nc6 Rb7 25. e4 Re8 26. e5 c4 27. Qf3 dxe5 28. Bg5 Nh5 29. d6 Bxd6 30. Qd5+ Kg7 31. Qxd6 Qxd6 32. Rxd6 b4 33. Nd8 Rb8 34. Rd7+ Kg8 35. Nc6 Rb6 36. Ne7+ Kh8 37. Nd5 Rc6 38. Nxb4 Rb6 39. Nd5 Rxb2 40. Nf6 1-0

[Event "Guardamar Esphouses op 1st"]
[Site "Guardamar del Segura"]
[Date "2023.09.04"]
[Round "1"]
[White "Akhvlediani, Irakli"]
[Black "Sanchez Criado, Jose Luis"]
[Result "1-0"]
[WhiteElo "2375"]
[BlackElo "1602"]
[PlyCount "63"]
[EventDate "2023.09.04"]
[EventType "swiss"]
[EventRounds "9"]
[EventCountry "ESP"]
[SourceTitle "EXT 2024"]
[Source "ChessBase"]
[SourceDate "2023.10.10"]
[SourceVersion "1"]
[SourceVersionDate "2023.10.10"]
[SourceQuality "1"]

1. d4 d5 2. c4 c6 3. Nf3 Nf6 4. g3 dxc4 5. Bg2 e6 6. Ne5 Qb6 7. 0-0 Be7 8. Nxc4 Qd8 9. Nc3 0-0 10. a4 Nbd7 11. a5 Nd5 12. e4 Nb4 13. Be3 Nf6 14. h3 Bd7 15. Qb3 Bc8 16. Rfd1 Na6 17. d5 exd5 18. exd5 cxd5 19. Nxd5 Nxd5 20. Rxd5 Qe8 21. Nd6 Bxd6 22. Rxd6 Qe5 23. Bf4 Qe7 24. Rxa6 bxa6 25. Bxa8 Bxh3 26. Bg2 Be6 27. Qb7 Qf6 28. Rd1 g5 29. Be3 h5 30. Qxa6 Qf5 31. Qxa7 h4 32. Qc5 1-0

[Event "Maia op 7th"]
[Site "Maia"]
[Date "2023.08.29"]
[Round "5"]
[White "Akhvlediani, Irakli"]
[Black "Avinash, Ramesh"]
[Result "1/2-1/2"]
[WhiteElo "2390"]
[BlackElo "2267"]
[PlyCount "81"]
[EventDate "2023.08.25"]
[EventType "swiss"]
[EventRounds "9"]
[EventCountry "POR"]
[SourceTitle "EXT 2024"]
[Source "ChessBase"]
[SourceDate "2023.10.10"]
[SourceVersion "1"]
[SourceVersionDate "2023.10.10"]
[SourceQuality "1"]

1. d4 Nf6 2. c4 e6 3. Nf3 d5 4. Nc3 c6 5. Bg5 h6 6. Bxf6 Qxf6 7. e3 Nd7 8. Bd3 g6 9. 0-0 Bg7 10. e4 dxc4 11. Bxc4 e5 12. d5 Nb6 13. Nd2 h5 14. a4 0-0 15. a5 Nxc4 16. Nxc4 Rd8 17. Qb3 Bf8 18. Na4 cxd5 19. exd5 Bf5 20. Ne3 Rd7 21. Rfc1 h4 22. Nc5 Bxc5 23. Rxc5 Rad8 24. h3 Qg5 25. Nxf5 Qxf5 26. Rd1 a6 27. Qc4 Qf6 28. b4 Qf4 29. Qb3 e4 30. Qc3 Qf5 31. Qd4 Rd6 32. Qc4 Qe5 33. Rc8 Kg7 34. Rxd8 Rxd8 35. b5 Rd6 36. Qc5 g5 37. bxa6 bxa6 38. Qc4 Kg8 39. Qc8+ Kg7 40. Qc4 Kg8 41. Qc8+ 1/2-1/2

[Event "Mutxamel 5th"]
[Site "Mutxamel"]
[Date "2023.08.24"]
[Round "8"]
[White "Akhvlediani, Irakli"]
[Black "Luque Saiz, Andres"]
[Result "1/2-1/2"]
[WhiteElo "2390"]
[BlackElo "2318"]
[PlyCount "61"]
[EventDate "2023.08.21"]
[EventType "tourn"]
[EventRounds "9"]
[EventCountry "ESP"]
[EventCategory "2"]
[SourceTitle "CBM 215 Extra"]
[Source "ChessBase"]
[SourceDate "2023.09.30"]
[SourceVersion "1"]
[SourceVersionDate "2023.09.30"]
[SourceQuality "1"]

1. d4 d5 2. c4 c6 3. Nf3 Nf6 4. e3 Bf5 5. Nc3 e6 6. Nh4 Bg6 7. Nxg6 hxg6 8. Qb3 Qb6 9. Bd2 Nbd7 10. cxd5 cxd5 11. Qxb6 Nxb6 12. Bb5+ Nbd7 13. Ke2 Bd6 14. h3 Ke7 15. Rhc1 a6 16. Bd3 Rhc8 17. Nd1 Nb6 18. Rxc8 Rxc8 19. Rc1 Rxc1 20. Bxc1 Nbd7 21. Bd2 Nb8 22. f4 Nc6 23. Nf2 Bb4 24. Bxb4+ Nxb4 25. a3 Nxd3 26. Nxd3 Ne4 27. Nf2 Nd6 28. b3 a5 29. a4 b6 30. Nd3 f6 31. g4 1/2-1/2

[Event "Bautzen op 2nd"]
[Site "Bautzen"]
[Date "2023.08.10"]
[Round "4"]
[White "Tschernatsch, Johannes"]
[Black "Akhvlediani, Irakli"]
[Result "1/2-1/2"]
[WhiteElo "2319"]
[BlackElo "2390"]
[PlyCount "53"]
[EventDate "2023.08.08"]
[EventType "swiss"]
[EventRounds "9"]
[EventCountry "GER"]
[SourceTitle "EXT 2024"]
[Source "ChessBase"]
[SourceDate "2023.10.10"]
[SourceVersion "1"]
[SourceVersionDate "2023.10.10"]
[SourceQuality "1"]

1. e4 e5 2. Nf3 Nc6 3. Bb5 a6 4. Ba4 Nf6 5. 0-0 b5 6. Bb3 Bc5 7. c3 d6 8. d4 Bb6 9. a4 Bb7 10. Re1 0-0 11. Bg5 h6 12. Bh4 g5 13. Bg3 Re8 14. axb5 axb5 15. Rxa8 Qxa8 16. h4 g4 17. Nh2 Qc8 18. Qc1 Kg7 19. d5 Ne7 20. Bd1 Ng6 21. h5 Nf4 22. Bxf4 exf4 23. Qxf4 Nxh5 24. Qxg4+ Qxg4 25. Nxg4 Ng3 26. Na3 Nxe4 27. Nxb5 1/2-1/2

[Event "Batumi Municipality Cup"]
[Site "Batumi"]
[Date "2023.07.06"]
[Round "5"]
[White "Akhvlediani, Irakli"]
[Black "Morchiashvili, Bachana"]
[Result "1/2-1/2"]
[WhiteElo "2403"]
[BlackElo "2268"]
[PlyCount "85"]
[EventDate "2023.07.02"]
[EventType "swiss"]
[EventRounds "9"]
[EventCountry "GEO"]
[SourceTitle "CBM 215 Extra"]
[Source "ChessBase"]
[SourceDate "2023.09.30"]
[SourceVersion "1"]
[SourceVersionDate "2023.09.30"]
[SourceQuality "1"]

1. d4 Nf6 2. c4 c5 3. Nf3 cxd4 4. Nxd4 b6 5. f3 a6 6. e4 Qc7 7. Nc3 e6 8. a3 Be7 9. Be3 0-0 10. Rc1 Bb7 11. Be2 d6 12. 0-0 Nbd7 13. Qe1 Rac8 14. Qf2 Qb8 15. Rfd1 Rfe8 16. b4 Ne5 17. Na4 Bd8 18. Nb3 d5 19. exd5 exd5 20. Bxb6 Nxc4 21. Bxc4 dxc4 22. Bxd8 Rcxd8 23. Rxd8 Rxd8 24. Na5 Qf4 25. Re1 Ba8 26. Qe3 Qh4 27. Nb6 h6 28. Naxc4 Re8 29. Ne5 Bb7 30. Qf2 Qf4 31. Nd3 Rxe1+ 32. Nxe1 Qc1 33. a4 Bc6 34. Kf1 Nd7 35. Nxd7 Bxd7 36. Qc2 Qa1 37. b5 axb5 38. axb5 Bxb5+ 39. Kf2 Qd4+ 40. Kg3 Qe5+ 41. Kf2 Qd4+ 42. Kg3 Qe5+ 43. Kf2 1/2-1/2